đŸŽ” Pocahontas âœȘ Virginia Compagny | Virginie Compagnie | Paroles đŸŽ” - Statistiques

Statistiques générales
  • Ce quiz a Ă©tĂ© pris 14 fois
  • Le rĂ©sultat moyen est 86 sur 97
Statistiques - réponses
Mot % Correct
1607
100%
Ă 
100%
amis
100%
Compagnie
100%
Compagnie
100%
Compagnie
100%
Compagnie
100%
Compagnie
100%
Compagnie
100%
conquĂȘte
100%
de
100%
de
100%
d'or
100%
d'or
100%
d'un
100%
En
100%
fait
100%
la
100%
la
100%
la
100%
la
100%
l'année
100%
l'or
100%
l'or
100%
nous
100%
Nous
100%
or
100%
paradis
100%
partons
100%
pays
100%
Pour
100%
pour
100%
pour
100%
pour
100%
pour
100%
pour
100%
Pour
100%
pour
100%
pour
100%
tĂȘte
100%
Ton
100%
tourner
100%
tous
100%
tous
100%
Virginia
100%
Virginia
100%
Virginia
100%
Virginia
100%
Virginia
100%
Virginia
100%
Virginie
100%
Dieu
91%
Dieu
91%
embarquons
91%
Le
91%
Ma
91%
mes
91%
toi
91%
est
82%
est
82%
est
82%
et
82%
Et
82%
et
82%
les
82%
les
82%
les
82%
les
82%
moi
82%
pépite
82%
pépite
82%
petite
82%
petite
82%
plages
82%
Une
82%
une
82%
autres
73%
d'argent
73%
faite
73%
fortune
73%
galets
73%
notre
73%
seront
73%
sont
73%
sont
73%
Sur
73%
vie
73%
vie
73%
diamants
64%
foi
64%
Marie
64%
parole
64%
riviĂšres
64%
sable
64%
infini
55%
pardi
55%
Ta
55%
Aucun quiz correspondant
Distribution des résultats
% des personnes avec chaque résultat
Percentile par nombre de réponses
Votre historique - résultats
Vous n’avez pas pris ce quiz